| 000 | 01462cam a22002535a 4500 | ||
|---|---|---|---|
| 001 | L158448 | ||
| 008 | 130116s2015 xxkad f 000 0 eng d | ||
| 020 | _a9781907196492 | ||
| 035 | _a(Sirsi) u158448 | ||
| 041 | 0 | _aeng | |
| 050 | 0 | 4 | _a690.24 $2 18 |
| 110 | 2 |
_aBuilding Cost Information Service _91096 |
|
| 245 | 0 | 0 |
_aBCIS Occupancy cost report: refurbished/converted hospital facilities _bMaintenance & operating costs |
| 260 |
_aLondon _bBCIS _c2015 |
||
| 300 |
_a74p. _c30cm. |
||
| 490 | 0 | _aBCIS Special Report | |
| 520 | _aShows that total annual occupancy costs of converted hospital facilities can range from approximately £12,000 to almost £18,000 per 100m2 of floor area. Estimates the total occupancy costs of two refurbished or converted hospital wards or blocks. The first building is the refurbishment of a part two-storey and part single-storey hospital block, with the creation of a new x-ray unit. The building has a gross internal floor area of 817m2. Example 2 is the conversion of an open plan ward to a consulting and treatment suite, with a floor area of 406m2. Through the preparation and pricing of a schedule of occupancy tasks, estimates have been prepared for all anticipated costs over the first 20 years of the life of each building. | ||
| 521 | _aAdvanced | ||
| 650 | _aHOSPITAL BUILDINGS | ||
| 651 | 4 |
_aUnited Kingdom _y |
|
| 690 |
_aCommercial property _96227 |
||
| 690 |
_aFacilities management _96240 |
||
| 942 | _n0 | ||
| 999 |
_c115312 _d115312 |
||